00915nam a2200241Ia 4500003000400000005001700004008004000021020001800061040000900079041000800088082002300096100002300119245002100142250001200163260005300175300002700228365006300255520027800318650001800596650002000614650002000634650001900654OSt20250729095942.0210210b2019 xxu||||| |||| 00| 0 eng d a9788120409941 cAloy aeng a631.521 223bAGRS aRattan Lal Agrawal aSeed Technology  a2nd ed. aNew DelhibCBS Publishers and Distributorsc2022 axii,829bPBc21x14 cm. 2BotanyaABDI/0542/22b562.50c₹d750.00e25%f07-02-2022 aReading books is a kind of enjoyment. Reading books is a good habit. We bring you a different kinds of books. You can carry this book where ever you want. It is easy to carry. It can be an ideal gift to yourself and to your loved ones. Care instruction keep away from fire. aSeed Industry aSeed Production aSeed Processing aSeed Marketing